Loading...
| Literature - World | 2 | 1 | 0 | 0 | 40 | 70 | 78.67 | 2 | 3 | 0.00 | 0.00 |
| Fine Arts - Visual | 0 | 3 | 0 | 1 | 30 | 76 | 109.67 | 0 | 3 | 0.00 | 0.00 |
| Science - Biology | 0 | 3 | 1 | 2 | 25 | 88 | 100.67 | 0 | 3 | 0.00 | 0.00 |
| History - World | 0 | 2 | 0 | 2 | 20 | 113 | 118.50 | 0 | 2 | 0.00 | 0.00 |
| Religion | 0 | 2 | 0 | 0 | 20 | 101 | 103.50 | 1 | 2 | 0.00 | 0.00 |
| Science - Other | 0 | 2 | 0 | 0 | 20 | 91 | 91.50 | 1 | 2 | 0.00 | 0.00 |
| Literature - British | 0 | 2 | 1 | 2 | 15 | 123 | 129.00 | 1 | 2 | 0.00 | 0.00 |
| Social Science | 0 | 2 | 1 | 1 | 15 | 94 | 105.00 | 0 | 2 | 0.00 | 0.00 |
| History - Other | 1 | 0 | 0 | 0 | 15 | 57 | 57.00 | 1 | 1 | 0.00 | 0.00 |
| Literature - American | 1 | 1 | 2 | 0 | 15 | 72 | 89.00 | 1 | 2 | 0.00 | 0.00 |
| Fine Arts - Auditory | 0 | 1 | 0 | 1 | 10 | 123 | 123.00 | 0 | 1 | 0.00 | 0.00 |
| Geography | 0 | 1 | 0 | 0 | 10 | 99 | 99.00 | 0 | 1 | 0.00 | 0.00 |
| History - American | 0 | 1 | 0 | 0 | 10 | 72 | 72.00 | 1 | 1 | 0.00 | 0.00 |
| History - European | 0 | 1 | 0 | 1 | 10 | 139 | 139.00 | 0 | 1 | 0.00 | 0.00 |
| Pop Culture | 0 | 1 | 0 | 0 | 10 | 108 | 108.00 | 1 | 1 | 0.00 | 0.00 |
| Philosophy | 0 | 2 | 3 | 1 | 5 | 112 | 121.00 | 1 | 2 | 0.00 | 0.00 |
| Mythology | 0 | 1 | 1 | 1 | 5 | 139 | 139.00 | 0 | 1 | 0.00 | 0.00 |
| Science - Chemistry | 0 | 1 | 1 | 1 | 5 | 129 | 129.00 | 1 | 1 | 0.00 | 0.00 |
| Literature - European | 0 | 1 | 1 | 0 | 5 | 82 | 82.00 | 1 | 1 | 0.00 | 0.00 |
| Fine Arts - Other | 0 | 0 | 1 | 0 | -5 | 0.00 | 0 | 0 | 0.00 | 0.00 |